आर्टिफिशियल इंटेलिजेंस भविष्य की ओर कदम / (Record no. 200336)

MARC details
000 -LEADER
fixed length control field 01073nam a22001937a 4500
005 - DATE AND TIME OF LATEST TRANSACTION
control field 20240312121001.0
010 ## - LCCN (DPL NO)
LC control number B-757910-914
020 ## - INTERNATIONAL STANDARD BOOK NUMBER
Terms of availability 495.00
International Standard Book Number 9788188135820
035 ## - SYSTEM CONTROL NUMBER
System control number B-757910-914
037 ## - SOURCE OF ACQUISITION
Source of stock number/acquisition अनुरोध प्रकाशन
082 ## - DEWEY DECIMAL CLASSIFICATION NUMBER
Classification number 006.3
100 ## - MAIN ENTRY--PERSONAL NAME
Personal name आनंद, भुवनेश
245 ## - TITLE STATEMENT
Title आर्टिफिशियल इंटेलिजेंस भविष्य की ओर कदम /
Statement of responsibility, etc भुवनेश आनंद
260 ## - PUBLICATION, DISTRIBUTION, ETC. (IMPRINT)
Place of publication, distribution, etc नई दिल्ली
Name of publisher, distributor, etc अनुरोध प्रकाशन
Date of publication, distribution, etc 2024
270 ## - ADDRESS
Address डी -75बी , निहाल विहार
City नई दिल्ली
Postal code 110041
300 ## - PHYSICAL DESCRIPTION
Extent 160 पृष्ट.;
Dimensions 22सेमी (सजिल्द)
942 ## - ADDED ENTRY ELEMENTS (KOHA)
Source of classification or shelving scheme Dewey Decimal Classification
Item type Hindi Books
Classification part 006.3
Call number suffix आनंद
Holdings
Withdrawn status Lost status Not for loan Collection code Home library Current library Date acquired Source of acquisition Cost, normal purchase price Full call number Barcode Copy number Cost, replacement price Koha item type
      Non-fiction Ashok Vihar Ashok Vihar 12/03/2024 अनुरोध प्रकाशन/150/18.1.24/86/9.1.24/25.1.24 495.00 006.3 आनंद B-757911 1 495.00 Hindi Books
      Non-fiction Bawana Bawana 12/03/2024 अनुरोध प्रकाशन/150/18.1.24/86/9.1.24/25.1.24 495.00 006.3 आनंद B-757913 1 495.00 Hindi Books
      Non-fiction Central Library Central Library 12/03/2024 अनुरोध प्रकाशन/150/18.1.24/86/9.1.24/25.1.24 495.00 006.3 आनंद B-757910 1 495.00 Hindi Books
      Non-fiction Diz Area Diz Area 12/03/2024 अनुरोध प्रकाशन/150/18.1.24/86/9.1.24/25.1.24 495.00 006.3 आनंद B-757912 1 495.00 Hindi Books
      Non-fiction Shahdara Branch Shahdara Branch 12/03/2024 अनुरोध प्रकाशन/150/18.1.24/86/9.1.24/25.1.24 495.00 006.3 आनंद B-757914 1 495.00 Hindi Books

© Delhi Public Library
Hit Counter
free hit counter